[Event "1/64 Finale"]
[Site "www.chess-mail.com"]
[Date "2016.05.22"]
[Round "1"]
[White "Plymouth"]
[Black "Bevittsmith"]
[WhiteElo "1959"]
[BlackElo "2310"]
[Result "0-1"]
[Round "1"]
1.d4 Ng8f6
2.c4 g6
3.b3 Bf8g7
4.Bc1b2 O-O
5.Ng1f3 d5
6.e3 Bc8f5
7.Nb1d2 c6
8.Bf1e2 Nb8d7
9.O-O Nf6e8
 { time }
0-1

[Event "1/128 Finale"]
[Site "www.chess-mail.com"]
[Date "2016.05.22"]
[Round "1"]
[White "Bevittsmith"]
[Black "Attatroll"]
[WhiteElo "2290"]
[BlackElo "1940"]
[Result "1-0"]
[Round "1"]
1.e4 d6
2.d4 Ng8f6
3.Nb1c3 g6
4.f4 Bf8g7
5.Ng1f3 c5
6.Bf1b5 Bc8d7
7.e5 Bd7xb5
8.exf6 Bg7xf6
9.Nc3xb5 Qd8a5
10.Nb5c3 Nb8c6
11.Bc1e3 Qa5b4
12.O-O cxd4
13.Nc3d5 Qb4xb2
14.Nd5xf6 exf6
15.Nf3xd4 O-O-O
16.Nd4xc6 bxc6
17.Be3d4 Qb2b4
18.Bd4xf6 Qb4c5
19.Kh1 Kc7
20.Bf6xh8 Rd8xh8
21.Qd1e2 { resign }
1-0

[Event "Eq:Slap Shot Mates-Royal chess : "]
[Site "www.chess-mail.com"]
[Date "2016.05.22"]
[Round "1"]
[White "Badshahc"]
[Black "Witpar"]
[WhiteElo "1960"]
[BlackElo "2700"]
[Result "0-1"]
[Round "1"]
1.d4 Ng8f6
2.c4 g6
3.Nb1c3 d5
4.e3 Bf8g7
5.b3 c5
6.Bc1b2 O-O
7.Ng1f3 cxd4
8.Nf3xd4 Nb8c6
 { time }
0-1

[Event "Tourn. n8776"]
[Site "www.chess-mail.com"]
[Date "2016.05.23"]
[Round "1"]
[White "Jhzes"]
[Black "Rons"]
[WhiteElo "2229"]
[BlackElo "2550"]
[Result "0-1"]
[Round "1"]
1.d4 Ng8f6
2.Nb1c3 d5
3.Bc1f4 g6
4.Nc3b5 Nb8a6
5.e3 Bf8g7
6.c4 O-O
7.c5 c6
8.Nb5c3 b6
9.Bf1xa6 Bc8xa6
10.Nc3a4 Nf6e4
11.f3 e5
12.Bf4g3 Ne4xg3
13.hxg3 exd4
14.exd4 Rf8e8
15.Kf2 Qd8f6
16.cxb6 Qf6xd4
{ resign }
0-1

[Event "Tourn. n8784"]
[Site "www.chess-mail.com"]
[Date "2016.05.23"]
[Round "1"]
[White "Jhzes"]
[Black "Viru"]
[WhiteElo "2229"]
[BlackElo "1819"]
[Result "0-1"]
[Round "1"]
1.e4 e5
2.Ng1f3 Nb8c6
3.Bf1c4 Qd8e7
4.d4 exd4
5.Bc4xf7 Qe7xf7
6.Nf3g5 Qf7g6
7.h4 Ng8f6
8.h5 Nf6xh5
9.Rh1xh5 h6
10.Ng5h3 Qg6xg2
11.Nh3f4 Qg2xe4
12.Nf4e2 d6
13.Nb1d2 Qe4e7
14.f3 b6
15.Nd2b3 Bc8a6
16.Rh5h2 Nc6e5
17.Rh2f2 c5
18.Kf1 O-O-O
19.Kg1 Qe7h4
20.Ne2f4 Qh4g3
21.Nf4g2 g5
22.Nb3d2 Ba6b7
23.Nd2f1 Ne5xf3
24.Kh1 Qg3h3
{ resign }
0-1

[Event "Tourn. n8719"]
[Site "www.chess-mail.com"]
[Date "2016.05.23"]
[Round "1"]
[White "Genius2"]
[Black "Sorren"]
[WhiteElo "1920"]
[BlackElo "1930"]
[Result "1-0"]
[Round "1"]
1.Nb1c3 e5
2.Ng1f3 Nb8c6
3.e4 Ng8f6
4.Bf1b5 d6
5.d4 exd4
6.Nf3xd4 Bc8d7
7.Bb5xc6 bxc6
8.O-O Bf8e7
9.Rf1e1 c5
10.Nd4e2 O-O
11.h3 Bd7c6
12.Ne2g3 Rf8e8
13.Ng3f5 Be7f8
14.f3 g6
15.Nf5g3 Bf8g7
16.Bc1g5 h6
17.Bg5e3 Ra8b8
18.Ra1b1  { time }
1-0

[Event "Tourn. n8678"]
[Site "www.chess-mail.com"]
[Date "2016.05.23"]
[Round "1"]
[White "Falcoale"]
[Black "Roserl"]
[WhiteElo "1820"]
[BlackElo "1920"]
[Result "0-1"]
[Round "1"]
1.e4 c5
2.Ng1f3 d6
3.d4 cxd4
4.Nf3xd4 Ng8f6
5.Nb1c3 a6
6.Bf1d3 e5
7.Nd4b3 Bf8e7
8.O-O O-O
9.f4 exf4
10.Bc1xf4 Nb8c6
11.Nc3d5 Nf6xd5
12.exd5 Nc6b8
13.c4 Nb8d7
14.Nb3d4 Qd8b6
15.Bf4e3 Qb6xb2
16.Nd4f5 Be7f6
17.Ra1b1 Qb2xa2
18.Nf5xd6 Ra8b8
19.Rf1f2 Qa2a3
20.Nd6xc8 Rb8xc8
21.Rb1xb7 Nd7e5
22.Bd3e2 Qa3xe3
23.Rb7b3 Qe3c5
24.Rb3g3 Bf6h4
25.Kf1 Bh4xg3
26.hxg3 Ne5xc4
27.Be2xc4 Qc5xc4
28.Kg1 Rf8d8
29.d6 Qc4c5
30.d7 Rc8c7
31.Qd1f3 Rc7xd7
{ resign }
0-1

[Event "Tourn. n8753"]
[Site "www.chess-mail.com"]
[Date "2016.05.23"]
[Round "1"]
[White "Claudia"]
[Black "Cal"]
[WhiteElo "1589"]
[BlackElo "1540"]
[Result "1-0"]
[Round "1"]
1.d4 d5
2.c4 dxc4
3.Ng1f3 h6
4.e3 b5
5.a4 Ng8f6
6.axb5 Bc8b7
7.Bf1xc4 e6
8.O-O Bf8b4
9.Nb1c3 O-O
10.Qd1e2 Bb4xc3
11.bxc3 Nb8d7
12.Bc4d3 Bb7xf3
13.Qe2xf3 Nd7b6
14.c4 Qd8e7
15.Bc1a3 a6
16.Ba3xe7 Rf8e8
17.Be7xf6 gxf6
18.Qf3xf6 Nb6d7
19.Qf6xh6 f5
20.f4 Re8e7
21.Rf1f3 Nd7f8
22.Rf3g3 Kf7
23.Qh6h5 Kf6
24.Ra1xa6 Ra8xa6
25.bxa6 Re7h7
26.Qh5g5 Kf7
27.Qg5g8 Ke8
28.a7 Ke7
29.a8Q Rh7f7
30.Rg3g7 Rf7xg7
31.Qg8xf8 { resign }
1-0

[Event "Tourn. n8760"]
[Site "www.chess-mail.com"]
[Date "2016.05.23"]
[Round "1"]
[White "Pariolinius"]
[Black "Battlechess"]
[WhiteElo "1600"]
[BlackElo "1510"]
[Result "1-0"]
[Round "1"]
1.c4 e6
2.d4 d5
3.Bc1f4 c6
4.c5 Ng8f6
5.Nb1c3 Nb8d7
6.Ng1f3 b6
7.b4 a5
8.a3 axb4
{ time. }
1-0

[Event "Tourn. n8656"]
[Site "www.chess-mail.com"]
[Date "2016.05.23"]
[Round "1"]
[White "Squimichele"]
[Black "Numanoid"]
[WhiteElo "2540"]
[BlackElo "2470"]
[Result "1-0"]
[Round "1"]
1.d4 d5
2.Ng1f3 c6
3.c3 Ng8f6
4.Bc1g5 Nf6e4
5.Bg5h4 Qd8b6
6.Qd1b3 Qb6xb3
7.axb3 f6
8.Nb1d2 g5
9.Bh4g3 Ne4xg3
10.hxg3 h5
11.e4 dxe4
12.Nd2xe4 Nb8d7
13.Bf1e2 Kf7
14.g4 h4
15.g3 Nd7b6
16.gxh4 gxh4
17.Rh1xh4 Rh8xh4
18.Nf3xh4 Bf8h6
19.Nh4f5 Bh6f4
20.Be2d3 Nb6d5
21.b4 Bf4c7
22.Kd2 b5
23.Ne4c5 a5
24.Nf5e3 Nd5xe3
25.Kxe3 Bc8xg4
26.Bd3e4 { resign }
1-0

[Event "Tourn. n8769"]
[Site "www.chess-mail.com"]
[Date "2016.05.23"]
[Round "1"]
[White "Yangqi"]
[Black "Prize64"]
[WhiteElo "2690"]
[BlackElo "2360"]
[Result "1/2-1/2"]
[Round "1"]
1.d4 Ng8f6
2.c4 g6
3.g3 Bf8g7
4.Bf1g2 d6
5.Nb1c3 O-O
6.Ng1f3 Nb8d7
7.O-O c5
8.d5 a6
9.a4 Ra8b8
10.h3 Nf6e8
11.e4 Ne8c7
12.Qd1d3 Nd7e5
13.Nf3xe5 Bg7xe5
14.a5 b5
15.cxb5 { draw }
1/2-1/2

[Event "Tourn. n8681"]
[Site "www.chess-mail.com"]
[Date "2016.05.23"]
[Round "1"]
[White "Coventry"]
[Black "Roserl"]
[WhiteElo "1860"]
[BlackElo "1920"]
[Result "1/2-1/2"]
[Round "1"]
1.e4 c5
2.Ng1f3 Nb8c6
3.Bf1b5 g6
4.Bb5xc6 bxc6
5.c3 Bf8g7
6.d4 cxd4
7.Nf3xd4 Qd8c7
8.O-O d6
9.Bc1e3 Ng8f6
10.Nb1d2 O-O
11.h3 Bc8a6
12.Rf1e1 c5
13.Nd4f3 Nf6d7
14.Nd2b3 Ba6b7
15.Nb3d2 Nd7f6
16.Be3g5 h6
17.Bg5xf6 Bg7xf6
18.Qd1e2 a5
19.Ra1d1 Bf6g7
20.Qe2e3 Ra8b8
21.b3 Kh7
22.c4 Bb7c6
23.Nd2f1 a4
24.Rd1b1 axb3
25.axb3 Rb8b4
26.Nf1g3 Rf8b8
27.Nf3d2 { draw }
1/2-1/2

[Event "Tourn. n8703"]
[Site "www.chess-mail.com"]
[Date "2016.05.23"]
[Round "1"]
[White "Llcervello"]
[Black "Drawmaster"]
[WhiteElo "1630"]
[BlackElo "1660"]
[Result "1-0"]
[Round "1"]
1.e4 d5
2.d3 dxe4
3.dxe4 Qd8xd1
4.Kxd1 e5
5.Ng1f3 Bc8g4
6.Bf1e2 Bg4xf3
7.Be2xf3 Nb8c6
8.c3 O-O-O
9.Nb1d2 Ng8f6
10.b4 a6
11.g4 h6
12.a4 Bf8e7
13.Bc1a3 Kb8
14.b5 axb5
15.Ba3xe7 Nc6xe7
16.axb5 b6
17.Ke1 Ne7g6
18.Ra1d1 Ng6f4
19.O-O Rd8d3
20.Rf1e1 Rh8d8
21.Nd2c4 Rd3xd1
22.Bf3xd1 Nf4d3
23.Re1f1 Nf6xe4
24.Nc4xe5 Nd3xe5
25.f3 Ne4xc3
{ time. }
1-0

[Event "Tourn. n8731"]
[Site "www.chess-mail.com"]
[Date "2016.05.23"]
[Round "1"]
[White "Passaroa25"]
[Black "Cal"]
[WhiteElo "1610"]
[BlackElo "1520"]
[Result "0-1"]
[Round "1"]
1.e4 e5
2.Ng1e2 Nb8c6
3.c3 Ng8f6
4.Ne2g3 Bf8c5
5.d3 h6
6.Bc1e3 Bc5xe3
7.fxe3 a6
8.Bf1e2 d6
9.Nb1d2 b5
10.b4 O-O
11.Be2f3 Bc8b7
12.O-O Nc6e7
13.a3 a5
14.Qd1b1 c6
15.Nd2b3 a4
16.Nb3d2 Nf6h7
17.Qb1c2 Ne7g6
18.Ng3f5 d5
19.g3 Nh7g5
20.Bf3g4 d4
21.cxd4 exd4
22.Nf5xd4 Ng6e5
23.Rf1f4 Ne5g6
24.Rf4f5 Bb7c8
25.Nd4xc6 Qd8d6
26.e5 Qd6d5
27.Nc6e7 Ng6xe7
28.Qc2c5 Qd5xd3
29.Rf5f2 Bc8xg4
30.Qc5xe7 Ng5h3
31.Kg2 Qd3xe3
32.Qe7h4 Qe3xf2
33.Kh1 Bg4f3
34.Nd2xf3 Qf2xf3

0-1

[Event "Tourn. n8724"]
[Site "www.chess-mail.com"]
[Date "2016.05.23"]
[Round "1"]
[White "Roque1"]
[Black "Julian"]
[WhiteElo "2110"]
[BlackElo "2110"]
[Result "0-1"]
[Round "1"]
1.e4 c5
2.Ng1f3 d6
3.Bf1e2 Nb8c6
4.d4 cxd4
5.Nf3xd4 e5
6.Nd4b3 Bc8e6
7.O-O Ng8f6
8.Nb1c3 a6
9.Bc1g5 Bf8e7
10.f4 h6
11.Bg5xf6 Be7xf6
12.f5 Be6xb3
13.axb3 O-O
14.Nc3d5 Bf6g5
15.Be2h5 Nc6d4
16.c3 Nd4c6
17.g3 Ra8c8
18.h4 g6
19.hxg5 Qd8xg5
20.Nd5f6 Qg5xf6
21.Rf1f3 { time. }
0-1

[Event "Tourn. n8744"]
[Site "www.chess-mail.com"]
[Date "2016.05.23"]
[Round "1"]
[White "Bojan"]
[Black "Hundegana"]
[WhiteElo "1820"]
[BlackElo "1940"]
[Result "1-0"]
[Round "1"]
1.e4 c5
2.Ng1f3 d6
3.d4 Bc8d7
4.e5 dxe5
5.Nf3xe5 Nb8c6
6.Ne5xd7 Qd8xd7
7.d5 Nc6d4
8.c3 Nd4b5
9.a4 Nb5c7
10.Bc1f4 O-O-O
11.c4 e6
12.Bf4xc7 Kxc7
13.Nb1c3 a6
14.Bf1e2 Ng8f6
15.Be2f3 e5
16.h3 Bf8d6
17.Qd1d2 h6
18.Nc3e4 Nf6xe4
19.Bf3xe4 f5
20.Be4f3 g5
21.Bf3h5 e4
22.b3 Bd6e5
23.Ra1b1 Kb8
24.Qd2a5 Qd7c7
25.Qa5d2 Be5f4
26.Qd2c2 Rd8d7
27.Rb1d1 e3
28.Qc2xf5 exf2
29.Kxf2 Qc7d8
30.Ke2 Rh8f8
31.Qf5g4 Qd8e7
32.Kd3 Qe7e3
33.Kc2 Qe3f2
34.Kb1 Bf4e5
35.Qg4e2 Qf2xe2
36.Bh5xe2 Rf8f2
37.Be2f3 Rf2b2
38.Kc1 Rb2xb3
39.Rh1e1 Be5f4
40.Kc2 Rb3b4
41.Re1e4 Rb4xa4
42.Kb3 Ra4a5
43.Re4e6 b5
44.Re6b6 Ka7
45.Rb6c6 bxc4
46.Kxc4 Ra5a4
47.Kc3 Bf4e5
48.Kd3 Be5d4
49.Rd1b1 Ra4a3
50.Ke4 Ra3e3
51.Kf5 Re3e5
52.Kg4 Rd7h7
53.d6 Bd4f2
54.Rc6c7 Rh7xc7
55.dxc7 Re5e8
56.Rb1b7 Ka8
57.Rb7b8 Ka7
58.Rb8xe8 Kb6
59.c8Q Kb5
60.Qc8c6 Ka5
61.Re8e4 Bf2d4
62.Bf3e2 Kb4
63.Qc6xa6 h5
64.Kxh5 g4
65.Qa6c4 Ka3
66.Qc4b5 gxh3
67.Re4e8 hxg2
68.Re8a8 { resign }
1-0

[Event "Tourn. n8760"]
[Site "www.chess-mail.com"]
[Date "2016.05.23"]
[Round "1"]
[White "Cal"]
[Black "Battlechess"]
[WhiteElo "1560"]
[BlackElo "1510"]
[Result "1-0"]
[Round "1"]
1.e4 c5
2.c4 Nb8c6
3.Nb1c3 g6
4.a3 Bf8g7
5.h3 d6
6.d3 Ng8f6
7.Ng1f3 O-O
8.Bc1g5 h6
9.Bg5xf6 Bg7xf6
{ time. }
1-0

[Event "Tourn. n8720"]
[Site "www.chess-mail.com"]
[Date "2016.05.23"]
[Round "1"]
[White "Paaliaq"]
[Black "Goofy"]
[WhiteElo "2400"]
[BlackElo "2370"]
[Result "1-0"]
[Round "1"]
1.e4 d5
2.exd5 Ng8f6
3.d4 Bc8g4
4.Bf1b5 Nb8d7
5.f3 Bg4f5
6.c4 e6
7.dxe6 Bf5xe6
8.d5 Be6f5
9.Nb1c3 Bf8c5
10.Qd1e2 Kf8
11.Bc1e3 Qd8e7
12.Bb5xd7 Nf6xd7
13.Be3xc5 Qe7xc5
14.Qe2f2 Qc5xc4
15.Ng1e2 Qc4c5
16.O-O Qc5xf2
17.Rf1xf2 Nd7f6
18.Ne2g3 Bf5d7
19.Ng3e4 Ke7
20.Ne4xf6 Kxf6
21.Nc3e4 Ke7
22.Ra1e1 Kd8
23.Ne4g5 Bd7e8
24.Rf2c2 h6
25.Ng5e4 b6
26.Re1c1 Ra8c8
27.Ne4d6 { resign }
1-0

[Event "Tourn. n8774"]
[Site "www.chess-mail.com"]
[Date "2016.05.23"]
[Round "1"]
[White "Biggles"]
[Black "Odin"]
[WhiteElo "1980"]
[BlackElo "1930"]
[Result "1-0"]
[Round "1"]
1.e4 e5
2.Ng1f3 Ng8f6
3.d4 Nf6xe4
4.Bf1d3 Ne4xf2
5.Kxf2 Bf8d6
6.Rh1e1 O-O
7.dxe5 Bd6c5
8.Bc1e3 Qd8e7
9.Nb1c3 Nb8c6
10.Kf1 b6
11.Nc3d5 Qe7e6
12.Bd3xh7 Kh8
13.Nf3g5 Qe6xe5
14.Qd1h5 g6
15.Bh7xg6 Kg7
16.Qh5h7 
1-0

[Event "Tourn. n8734"]
[Site "www.chess-mail.com"]
[Date "2016.05.23"]
[Round "1"]
[White "Ff333"]
[Black "Antuan72"]
[WhiteElo "1960"]
[BlackElo "1920"]
[Result "1-0"]
[Round "1"]
1.e4 c5
2.Ng1f3 Nb8c6
3.Bf1b5 d6
4.O-O Bc8d7
5.Bb5xc6 Bd7xc6
6.d3 e6
7.Nf3g5 Ng8f6
8.f4 h6
9.e5 dxe5
10.fxe5 Qd8d4
11.Rf1f2 Qd4xe5
12.Ng5f3 Qe5c7
13.h3 Bf8e7
14.Nb1c3 O-O
15.Qd1e2 Ra8d8
16.Nf3e5 Bc6e8
17.Bc1f4 Qc7b6
18.b3 a6
19.Nc3e4 Nf6xe4
20.Qe2xe4 Rd8d4
21.Qe4f3 f6
22.Ne5c4 Qb6c6
23.Qf3g3 Kh7
24.Bf4e3 Rd4d5
25.Nc4a5 Qc6d7
26.Na5c4 Be7d6
27.Nc4xd6 Rd5xd6
28.Be3xc5 e5
29.d4 Rf8f7
30.Bc5xd6 Qd7xd6
31.dxe5 Qd6d4
32.Qg3d3 Qd4xd3
33.cxd3 fxe5
34.Rf2xf7 Be8xf7
35.Ra1e1 { resign }
1-0

[Event "Tourn. n8685"]
[Site "www.chess-mail.com"]
[Date "2016.05.23"]
[Round "1"]
[White "Coventry"]
[Black "Osopanda"]
[WhiteElo "1820"]
[BlackElo "2010"]
[Result "0-1"]
[Round "1"]
1.c4 Ng8f6
2.d4 d6
3.Nb1c3 c6
4.e4 Qd8c7
5.Ng1f3 e5
6.d5 cxd5
7.cxd5 Bc8g4
8.h3 Bg4h5
9.Bf1e2 Nb8d7
10.O-O Bf8e7
11.Bc1e3 a6
12.Ra1c1 Qc7b8
13.b4 O-O
14.a4 Bh5g6
15.Nf3d2 Rf8c8
16.Qd1b3 b5
17.axb5 axb5
18.Be2f3 h6
19.Rf1e1 Nd7f8
20.Rc1a1 Ra8xa1
21.Re1xa1 Nf8h7
22.Ra1a7 Be7d8
23.Bf3e2 Bd8b6
24.Be3xb6 Qb8xb6
25.Ra7a5 Nh7g5
26.Ra5xb5 Qb6a7
27.Rb5a5 Qa7d4
28.Nd2b1 Ng5xe4
29.Nc3xe4 Qd4xe4
30.Nb1c3 Rc8xc3
31.Qb3xc3 Qe4xe2
32.Ra5a8 Kh7
33.b5 Qe2xb5
34.Qc3c8 Bg6e4
35.f3 Be4xd5
36.Qc8d8 Bd5xa8
37.Qd8xa8 d5
{ resign }
0-1

[Event "Match"]
[Site "www.echecsemail.com"]
[Date "2016.05.23"]
[Round "1"]
[White "Jhzes"]
[Black "B0zata"]
[WhiteElo "2229"]
[BlackElo "2210"]
[Result "0-1"]
[Round "1"]
1.Ng1f3 d5
2.d4 Nb8c6
3.Bc1f4 Ng8f6
4.Nb1c3 g6
5.Nc3b5 e5
6.Nf3xe5 Bf8d6
7.Nb5xd6 cxd6
8.Ne5xc6 bxc6
9.f3 Nf6h5
10.Bf4h6 Qd8f6
11.g4 Nh5f4
12.e3 Nf4e6
13.f4 g5
14.fxg5 Ne6xg5
15.Bh6xg5 Qf6xg5
16.Bf1e2 Qg5xe3
17.Qd1d3 Qe3xd3
18.cxd3 Ra8b8
19.b3 Rh8g8
20.h3 Bc8e6
21.Ra1c1 Kd7
22.O-O h5
23.Kh2 hxg4
24.Be2xg4 Be6xg4
25.Rf1xf7 Ke8
26.Rf7xa7 Bg4f3
27.Rc1c2 Kd8
28.Ra7f7 Bf3h5
29.Rf7h7 Bh5g6
30.Rh7h6 Kc7
31.Rc2d2 Rg8g7
32.Rh6h4 Rb8g8
33.Rh4g4 Bg6f5
34.Rg4xg7 Rg8xg7
35.b4 Rg7h7
36.Kg3 Rh7xh3
37.Kf4 Rh3xd3
38.Rd2xd3 Bf5xd3
39.a4 Kb6
40.Kg5 Bd3c2
41.a5 Kb5
42.Kf6 Bc2d3
43.Ke6 Kxb4
44.Kxd6 Kxa5
45.Kxc6 Bd3c4
46.Kc5 Ka4
47.Kd6 Kb3
48.Kc5 Kc3
49.Kd6 Kxd4
50.Ke6 Ke4
51.Kd6 d4
52.Kc5 Bc4g8
53.Kb4 Ke3
{ resign }
0-1

[Event "Match"]
[Site "www.echecsemail.com"]
[Date "2016.05.23"]
[Round "1"]
[White "Umutkrc"]
[Black "Jhzes"]
[WhiteElo "1780"]
[BlackElo "1809"]
[Result "1-0"]
[Round "1"]
1.e3 e5
2.Nb1c3 c6
3.a3 d5
4.d4 e4
5.h3 h5
6.h4 g5
7.f3 gxh4
8.fxe4 Bc8g4
9.Bf1e2 Bg4xe2
10.Qd1xe2 dxe4
11.Nc3xe4 f5
12.Ne4d2 Bf8e7
13.c3 Nb8a6
14.e4 Qd8d7
15.e5 O-O-O
16.Nd2f3 c5
17.Nf3g5 Be7d6
18.Bc1f4 cxd4
19.Ra1d1 Bd6c5
20.e6 Qd7d5
21.Bf4e5 Rh8h6
22.Be5xd4 Qd5a2
23.Ng1f3 Bc5xd4
24.Nf3xd4 Rd8e8
25.Qe2d2 Na6c5
26.O-O Nc5e4
27.Ng5xe4 fxe4
28.Nd4b3 Qa2xb3
29.Qd2d7 Kb8
30.Qd7xe8 Kc7
31.Rf1f7 Kb6
32.Qe8d8 Ka6
33.Rd1d6 b6
34.Qd8c8 Kb5
35.Qc8d7 { resign }
1-0

[Event "Match"]
[Site "www.echecsemail.com"]
[Date "2016.05.23"]
[Round "1"]
[White "Cheminet"]
[Black "Fangshuo"]
[WhiteElo "2010"]
[BlackElo "2070"]
[Result "0-1"]
[Round "1"]
1.e4 c5
2.Ng1f3 e6
3.c4 g6
4.d3 Bf8g7
5.Nb1c3 Nb8c6
6.Bc1g5 Ng8e7
7.Qd1c1 h6
8.Bg5d2 g5
9.Nc3b5 d6
10.Bd2c3 e5
11.Bf1e2 g4
12.Nf3h4 a6
13.Nb5a3 Bg7f6
14.g3 Bf6xh4
15.gxh4 Ne7g6
16.h3 Qd8xh4
17.Qc1e3 gxh3
18.O-O-O Ng6f4
19.Be2f1 h2
20.Bc3e1 Qh4g5
21.Rh1xh2 Nc6d4
22.Kb1 Bc8g4
23.Qe3g3 h5
24.Be1d2 Nd4f3
25.Rh2h1 h4
26.Bf1g2 hxg3
27.Rh1xh8 Ke7
28.Rh8xa8 Nf3xd2
29.Rd1xd2 Nf4xg2
30.Kc2 Qg5xd2
{ resign }
0-1

[Event "Match"]
[Site "www.echecsemail.com"]
[Date "2016.05.23"]
[Round "1"]
[White "Ditto"]
[Black "Coraza"]
[WhiteElo "1620"]
[BlackElo "1740"]
[Result "0-1"]
[Round "1"]
1.e4 e5
2.Ng1f3 Nb8c6
3.Bf1c4 h6
4.d3 Ng8f6
5.Nb1c3 Bf8b4
6.Bc1d2 Bb4c5
7.O-O O-O
8.Rf1e1 a6
9.a3 Nf6g4
10.Bd2e3 Bc5xe3
11.fxe3 d6
12.Nc3d5 Bc8e6
13.b4 b5
14.Bc4b3 Ng4f6
15.Nd5xf6 Qd8xf6
16.Re1f1 Qf6g6
17.Bb3xe6 fxe6
18.Qd1e1 d5
19.exd5 exd5
20.Qe1c3 Ra8c8
21.Nf3xe5 Nc6xe5
22.Qc3c5 c6
23.a4 Ne5d7
24.Qc5a7 Qg6e6
25.Qa7xa6 Rc8a8
26.Qa6b7 Ra8b8
27.Qb7a7 Rb8a8
28.Rf1xf8 Ra8xf8
29.Qa7d4 Qe6f7
30.Qd4g4 Qf7f6
31.Ra1d1 Qf6f2
32.Kh1 Qf2f1
{ resign }
0-1

[Event "Match"]
[Site "www.echecsemail.com"]
[Date "2016.05.23"]
[Round "1"]
[White "Fangshuo"]
[Black "Jhzes"]
[WhiteElo "2060"]
[BlackElo "2390"]
[Result "1-0"]
[Round "1"]
1.e4 e6
2.Ng1f3 c5
3.Nb1c3 d5
4.d3 d4
5.Nc3e2 Nb8c6
6.Ne2f4 Ng8f6
7.Bf1e2 g5
8.Nf3xg5 e5
9.Be2h5 Rh8g8
10.Bh5xf7 Kd7
11.Bf7xg8 Nf6xg8
12.Nf4d5 h6
13.Qd1g4 Ke8
14.Qg4h5 { resign }
1-0

[Event "Match"]
[Site "www.echecsemail.com"]
[Date "2016.05.23"]
[Round "1"]
[White "Amo"]
[Black "Hundegana"]
[WhiteElo "1809"]
[BlackElo "1980"]
[Result "0-1"]
[Round "1"]
1.f4 f5
2.Ng1f3 g6
3.d4 Bf8g7
4.Nb1c3 Ng8f6
5.e3 O-O
6.Bf1d3 d6
7.e4 fxe4
8.Nc3xe4 Nf6xe4
9.Bd3xe4 c6
10.c4 Bc8g4
11.h3 Bg4xf3
12.Be4xf3 Kh8
13.O-O Nb8d7
14.Ra1b1 Qd8b6
 { time }
0-1

[Event "Match"]
[Site "www.echecsemail.com"]
[Date "2016.05.23"]
[Round "1"]
[White "Guidom"]
[Black "Battlechess"]
[WhiteElo "2070"]
[BlackElo "1510"]
[Result "1-0"]
[Round "1"]
1.e4 d5
2.exd5 Ng8f6
3.c4 c6
4.dxc6 Nb8xc6
5.Nb1c3 e5
6.d3 Bf8c5
7.Bf1e2 O-O
8.Ng1f3 Rf8e8
9.O-O a6
10.Bc1g5 Bc8e6
11.a3 Bc5e7
12.b4 h6
13.Bg5h4 Qd8c7
14.Ra1c1 Ra8d8
15.Qd1c2 Nf6h5
16.Bh4xe7 Qc7xe7
17.Nf3xe5 Nc6xe5
18.Be2xh5 Ne5xd3
19.Rc1d1 Nd3f4
20.Bh5f3 Rd8xd1
21.Nc3xd1 Re8c8
22.Rf1e1 b5
23.c5 Qe7f6
24.Nd1e3 Rc8d8
25.Ne3g4 Be6xg4
26.Bf3xg4 Qf6g5
27.Bg4f3 g6
28.g3 Nf4d3
29.Re1d1 Nd3e5
30.Rd1xd8 Qg5xd8
31.Bf3g2 Ne5c4
32.Qc2b3 Qd8d2
33.Bg2f1 Qd2e1
34.Qb3d3 Nc4d2
35.Qd3e2 Qe1c1
36.Kg2 Nd2xf1
37.Qe2xf1 Qc1xa3
38.Qf1e1 Qa3a4
39.Qe1c3 Qa4a2
40.c6 { resign }
1-0

[Event "Match"]
[Site "www.echecsemail.com"]
[Date "2016.05.23"]
[Round "1"]
[White "Jhzes"]
[Black "Gilliere"]
[WhiteElo "1809"]
[BlackElo "2040"]
[Result "1-0"]
[Round "1"]
1.Ng1f3 Ng8f6
2.d4 g6
3.Nb1c3 Bf8g7
4.b3 O-O
5.e4 d6
6.Bf1d3 Nb8d7
7.h3 b6
8.e5 dxe5
9.dxe5 Nf6e8
10.Bd3e4 Ra8b8
11.Bc1f4 e6
12.O-O Bc8b7
13.Be4xb7 Rb8xb7
14.Bf4g5 f6
15.exf6 Ne8xf6
16.Nf3d4 Qd8e7
17.Rf1e1 e5
18.Nd4c6 Qe7e8
19.Nc3d5 Nf6xd5
20.Qd1xd5 Kh8
21.Nc6e7 Rb7b8
22.Ra1d1 Nd7f6
23.Bg5xf6 Bg7xf6
24.Ne7c6 Rb8a8
25.Nc6xe5 Bf6xe5
26.Re1xe5 Qe8f7
27.Qd5d4 Kg8
28.Rd1e1 Ra8e8
29.Re5xe8 Rf8xe8
30.Re1xe8 Qf7xe8
31.Qd4c4 Kf8
32.Qc4xc7 Qe8e1
33.Kh2 Qe1xf2
34.Qc7b8 Kg7
35.Qb8xa7 Kh6
36.Qa7c7 b5
37.a3 Qf2f5
38.Qc7c3 Qf5f4
39.Qc3g3 Qf4f5
40.Qg3h4 Kg7
41.Qh4d4 Kg8
42.Qd4d3 Qf5e5
43.g3 Kg7
44.Qd3d1 Kh6
45.h4 Kg7
46.Qd1d7 Kh6
47.Qd7d3 Kg7
48.a4 bxa4
49.bxa4 Kh6
50.c4 Kg7
51.Qd3f3 Qe5b2
52.Kh3 Qb2d4
53.Qf3b7 Kg8
54.Qb7d5 Qd4xd5
55.cxd5 Kf7
56.a5 Ke7
57.a6 { resign }
1-0

[Event "Match"]
[Site "www.echecsemail.com"]
[Date "2016.05.23"]
[Round "1"]
[White "Gilliere"]
[Black "Amo"]
[WhiteElo "2040"]
[BlackElo "1680"]
[Result "1-0"]
[Round "1"]
1.d4 d5
2.c4 e6
3.c5 Bc8d7
4.e3 b6
5.b4 bxc5
6.bxc5 a5
7.a4 Nb8a6
8.Bf1xa6 Ra8xa6
9.Ng1f3 Qd8b8
10.O-O Ra6b6
11.cxb6 Qb8xb6
12.Nb1c3 Bf8b4
13.Ra1b1 Qb6a6
14.Nc3a2 Bb4d6
15.Rb1b8 Ke7
16.Qd1b3 c6
17.Rb8b6 Qa6c8
18.Bc1a3 Qc8c7
19.Ba3xd6 Qc7xd6
20.Nf3e5 Ng8f6
21.Ne5xd7 Nf6xd7
22.Rb6b7 Kf6
23.Na2c3 e5
24.dxe5  { time }
1-0

[Event "Match"]
[Site "www.echecsemail.com"]
[Date "2016.05.23"]
[Round "1"]
[White "Nimzo"]
[Black "Jacks"]
[WhiteElo "2790"]
[BlackElo "2860"]
[Result "1/2-1/2"]
[Round "1"]
1.d4 d5
2.c4 c6
3.Ng1f3 Ng8f6
4.Nb1c3 e6
5.e3 Nb8d7
6.Bf1d3 dxc4
7.Bd3xc4 b5
8.Bc4d3 Bc8b7
9.e4 b4
10.Nc3a4 c5
11.e5 Nf6d5
12.O-O cxd4
13.Nf3xd4 Nd7xe5
14.Bd3b5 Ne5d7
15.Rf1e1 Ra8c8
16.b3 Bf8e7
17.Re1xe6 O-O
18.Nd4c6 Bb7xc6
19.Re6xc6 Nd5c7
20.Bb5f1 Nd7e5
21.Qd1xd8 Rf8xd8
22.Rc6c2 Be7f6
23.Bc1b2 Nc7e6
24.Rc2xc8 Rd8xc8
25.Ra1e1 Ne5d7
26.Re1d1 Bf6xb2
27.Na4xb2 Rc8d8
28.Rd1d5 Nd7c5
29.Rd5xd8 Ne6xd8
30.f3 Kf8
31.Kf2 Ke7
32.Ke3 Nd8c6
33.g3 f6
34.f4 Kd6
35.Bf1g2 Nc6e7
36.Nb2c4 Kc7
37.Bg2h3 Ne7c6
38.Bh3g4 g6
39.Nc4d2 Kd6
40.Bg4e2 Nc6a5
41.Be2f3 f5
42.Bf3g2 Nc5e6
43.Nd2f3 Na5c6
44.Nf3e1 Ne6d4
45.Kd3 Kc5
46.Kd2 Kb6
47.Ne1d3 Kb5
48.Nd3b2 Nd4e6
49.Ke3 Nc6e7
50.Nb2d3 a5
51.Nd3e5 Kc5
52.Kd3 Kb5
53.Bg2f3 Kc5
54.Ne5c4 Kb5
55.Nc4b2 Ne7c6
56.Bf3g2 { draw }
1/2-1/2

[Event "Match"]
[Site "www.echecsemail.com"]
[Date "2016.05.23"]
[Round "1"]
[White "Pimpampum"]
[Black "Neo"]
[WhiteElo "1499"]
[BlackElo "1780"]
[Result "1-0"]
[Round "1"]
1.Ng1f3 d5
2.c4 c6
3.b3 e6
4.Bc1b2 Ng8e7
5.d4 g6
6.e3 Bf8g7
7.Bf1e2 O-O
8.Nb1c3 Ne7f5
9.O-O a6
10.a4 Nb8d7
11.e4 dxe4
12.Nc3xe4 Nd7f6
13.Ne4c5 Nf6d7
14.Nc5e4 b6
15.Qd1d2 a5
16.Rf1d1 Qd8c7
17.Bb2a3 Rf8e8
18.Ra1c1 Bc8b7
19.d5 cxd5
20.cxd5 Nd7c5
21.Ne4xc5 bxc5
22.d6 Nf5xd6
23.Qd2xd6 Qc7c8
24.Rc1xc5 Qc8b8
25.Qd6xb8 Re8xb8
26.Rd1d7 Bb7d5
27.Be2c4 Bd5xc4
28.Rc5xc4 Rb8xb3
29.Ba3c1 Bg7b2
30.Bc1xb2 Rb3xb2
31.h4 Rb2b1
32.Kh2 Ra8b8
33.Rc4c7 Rb8f8
34.Nf3g5 Rb1b4
35.Kg3 Rb4xa4
36.Ng5xf7 Ra4a3
37.f3 g5
38.Nf7h6 Kh8
39.Rd7xh7 { resign }
1-0

[Event "1/128 Finale"]
[Site "www.chess-mail.com"]
[Date "2016.05.23"]
[Round "1"]
[White "Battlechess"]
[Black "Sandokam"]
[WhiteElo "1510"]
[BlackElo "2089"]
[Result "0-1"]
[Round "1"]
1.d4 d5
2.c4 Ng8f6
3.cxd5 Nf6xd5
4.Ng1f3 g6
5.e4 Nd5f6
6.e5 Nf6d5
7.Bf1e2 Bf8g7
8.O-O O-O
9.h3 e6
10.Nb1d2 Nb8d7
11.Nd2b3 b6
12.a4 a6
13.Bc1g5 Qd8e8
14.Qd1d2 Bc8b7
15.Ra1c1 Ra8c8
16.Bg5h6 Qe8e7
17.Bh6xg7 Kxg7
18.a5 b5
19.Nb3c5 Nd7xc5
20.Rc1xc5 c6
21.b4 h6
22.Rf1c1 Rc8d8
23.Be2d1 Rf8h8
24.Bd1b3 f5
25.Bb3xd5 exd5
26.Rc1c3 Rd8f8
27.Qd2c1 Qe7d7
28.Rc3e3 f4
29.Re3e2 Qd7e6
30.Rc5c2 g5
31.Qc1d1 Rf8f5
32.Rc2d2 h5
33.Nf3h2 g4
34.hxg4 hxg4
35.Nh2xg4 Rf5h5
{ resign }
0-1

[Event "1/16 Finale"]
[Site "www.chess-mail.com"]
[Date "2016.05.23"]
[Round "1"]
[White "Asoka"]
[Black "Attatroll"]
[WhiteElo "2730"]
[BlackElo "2000"]
[Result "1-0"]
[Round "1"]
1.c4 Ng8f6
2.Nb1c3 e6
3.d4 Bf8b4
4.e3 Nf6e4
5.Qd1c2 d5
6.Bf1d3 f5
7.Ng1h3 h6
8.cxd5 exd5
9.O-O Ne4xc3
10.bxc3 Bb4d6
11.Bd3xf5 O-O
12.Bf5xc8 Qd8xc8
13.c4 c6
14.cxd5 cxd5
15.Qc2b3 Qc8c6
16.e4 Qc6c4
17.Qb3xb7 Nb8a6
18.e5 Bd6b4
19.Bc1e3 Bb4c3
20.Ra1b1 Ra8b8
21.Qb7d7 Na6b4
22.Qd7g4 Kh7
23.Nh3f4 Nb4d3
24.Qg4g6 Kg8
25.Nf4e6 { resign }
1-0

[Event "Eq:La Taverne-Los Tercios : "]
[Site "www.chess-mail.com"]
[Date "2016.05.23"]
[Round "1"]
[White "Lui"]
[Black "Fkarpov"]
[WhiteElo "2350"]
[BlackElo "2130"]
[Result "1-0"]
[Round "1"]
1.e4 e5
2.Ng1f3 Ng8f6
3.Nf3xe5 d6
4.Ne5f3 Nf6xe4
5.d4 Qd8e7
6.Bf1e2 Bc8f5
7.O-O Nb8d7
8.c4 Qe7d8
9.Rf1e1 Bf8e7
10.Be2d3 Nd7f6
11.Nf3h4 Ne4xf2
12.Kxf2 Nf6g4
13.Kg1 Bf5xd3
14.Qd1xd3 O-O
15.Nh4f3 Rf8e8
16.Nb1c3 c6
17.Bc1f4 Qd8b6
18.Ra1b1 Ra8d8
19.h3 Ng4f6
20.b4 a6
21.Kh1 d5
22.c5 Qb6a7
23.Re1e2 b5
24.Rb1e1 Kf8
25.Bf4g5 g6
26.Re2xe7 { resign }
1-0